000 00894nam0a22002411 4500
001 rc\3442329
005 20130115142601.0
035 _a(NLR Aleph) 007568722
090 _a5380950
_c5380950
100 _a20130115d1970 |||y0rusy50 ca
101 0 _arus
102 _aRU
105 _ay z |||||
200 1 _aИспользование активных методов обучения преподавателями вечернего профтехучилища
_fVI Всерос. пед. чтения по проф.-техн. образованию
210 _aУфа
_cБ. и.
_d1970
215 _a7 с.
_d21
333 _aДля служебного пользования. Экз. № 000184
700 1 _aГиниятова
_bЛ. Г.
_gЛилия Гафуровна
801 0 _aRU
_bNLR
_gpsbo
801 1 _aRU
_bELAR
_2rusmarc
852 _aNLR
_j50К/25123
942 _cBOOK
980 _aNB